[Event "oeism u12_Gilrs_Blitz"]
[Site "austriaU12girls"]
[Date "2020.12.11"]
[Round "2"]
[White "LBchessqueen"]
[Black "Orchidee14"]
[Result "0-1"]
[WhiteElo "1538"]
[BlackElo "1312"]
[Annotator "NA RC"]
[PlyCount "54"]
[EventDate "2020.12.11"]
[EventType "blitz"]

1. c4 {[%emt 0:00:08]} g6 {[%emt 0:00:02]} 2. d3 {[%emt 0:00:05]} Bg7 {[%emt 0:00:02]} 3. g3 {[%emt 0:00:04]} d6 {[%emt 0:00:04]} 4. Bg2 {[%emt 0:00:01]} Nf6 {[%emt 0:00:06]} 5. Nc3 {[%emt 0:00:02]} O-O {[%emt 0:00:07]} 6. Bg5 {[%emt 0:00:06]} Nc6 {[%emt 0:00:06]} 7. Nf3 {[%emt 0:00:03]} Bg4 {[%emt 0:00:12]} 8. O-O {[%emt 0:00:04]} Qd7 {[%emt 0:00:10]} 9. a3 {[%emt 0:00:07]} a6 {[%emt 0:00:04]} 10. Rb1 {[%emt 0:00:05]} e5 {[%emt 0:00:17]} 11. Bxf6 {[%emt 0:00:10]} Bxf6 {[%emt 0:00:03]} 12. Nd5 {[%emt 0:00:01]} Bxf3 {[%emt 0:00:10]} 13. Nxf6+ {[%emt 0:00:06]} Kg7 {[%emt 0:00:09]} 14. Nxd7 {[%emt 0:00:02]} Bxg2 {[%emt 0:00:01]} 15. Kxg2 {[%emt 0:00:01]} Rfd8 {[%emt 0:00:03]} 16. Nxe5 {[%emt 0:00:06]} Nxe5 {[%emt 0:00:04]} 17. Qb3 {[%emt 0:00:06]} Ng4 {[%emt 0:00:06]} 18. Qc3+ {[%emt 0:00:08]} f6 {[%emt 0:00:13]} 19. h3 {[%emt 0:00:04]} Ne5 {[%emt 0:00:07]} 20. Qb3 {[%emt 0:00:14]} Re8 {[%emt 0:00:07]} 21. Qxb7 {[%emt 0:00:03]} Rab8 {[%emt 0:00:05]} 22. Qxc7+ {[%emt 0:00:04]} Nf7 {[%emt 0:00:23]} 23. b4 {[%emt 0:00:04]} Rbc8 {[%emt 0:00:10]} 24. Qb7 {[%emt 0:00:09]} Rb8 {[%emt 0:00:03]} 25. Qxa6 {[%emt 0:00:05]} Ra8 {[%emt 0:00:05] LBchessqueen reconnected.} 26. Qb5 {[%emt 0:00:13]} Reb8 {[%emt 0:00:08] LBchessqueen reconnected.} 27. Qd5 {[%emt 0:00:27]} Rxa3 {[%emt 0:00:09] LBchessqueen reconnected. TimeW} 0-1

[Event "oeism u12_Gilrs_Blitz"]
[Site "austriaU12girls"]
[Date "2020.12.11"]
[Round "2"]
[White "Leefke Giselbrecht"]
[Black "chessellis"]
[Result "0-1"]
[WhiteElo "1417"]
[BlackElo "1578"]
[Annotator "NA RC"]
[PlyCount "104"]
[EventDate "2020.12.11"]
[EventType "blitz"]

1. e4 {[%emt 0:00:04]} c5 {[%emt 0:00:03]} 2. Nf3 {[%emt 0:00:06] chessellis reconnected.} d6 {[%emt 0:00:11]} 3. d4 {[%emt 0:00:03]} cxd4 {[%emt 0:00:02]} 4. Nxd4 {[%emt 0:00:02]} Nc6 {[%emt 0:00:04]} 5. Nc3 {[%emt 0:00:02]} Nf6 {[%emt 0:00:02]} 6. g3 {[%emt 0:00:08]} g6 {[%emt 0:00:04]} 7. Bg2 {[%emt 0:00:03]} Bd7 {[%emt 0:00:10]} 8. O-O {[%emt 0:00:03] chessellis reconnected.} Bg7 {[%emt 0:00:10]} 9. Be3 {[%emt 0:00:12]} O-O {[%emt 0:00:07]} 10. Qd3 {[%emt 0:00:09]} Ng4 {[%emt 0:00:07]} 11. Bd2 {[%emt 0:00:05]} Nxd4 {[%emt 0:00:10]} 12. Rad1 {[%emt 0:00:16]} Nc6 {[%emt 0:00:08]} 13. h3 {[%emt 0:00:10]} Nf6 {[%emt 0:00:04]} 14. Be3 {[%emt 0:00:03]} Qc8 {[%emt 0:00:09]} 15. e5 {[%emt 0:00:04]} Nxe5 {[%emt 0:00:10]} 16. Qd2 {[%emt 0:00:14]} Nc4 {[%emt 0:00:09]} 17. Qc1 {[%emt 0:00:12]} Nxe3 {[%emt 0:00:03]} 18. Qxe3 {[%emt 0:00:03]} Bxh3 {[%emt 0:00:05]} 19. Qxe7 {[%emt 0:00:05]} Bxg2 {[%emt 0:00:08]} 20. Kxg2 {[%emt 0:00:04]} d5 {[%emt 0:00:09]} 21. Qe3 {[%emt 0:00:25]} Re8 {[%emt 0:00:04]} 22. Qf3 {[%emt 0:00:08]} Qc6 {[%emt 0:00:07]} 23. a3 {[%emt 0:00:22]} Rad8 {[%emt 0:00:07]} 24. Rfe1 {[%emt 0:00:05]} Rxe1 {[%emt 0:00:05]} 25. Rxe1 {[%emt 0:00:02]} d4 {[%emt 0:00:05]} 26. Qxc6 {[%emt 0:00:04]} bxc6 {[%emt 0:00:00]} 27. Na4 {[%emt 0:00:07]} Ng4 {[%emt 0:00:07]} 28. Nc5 {[%emt 0:00:03]} Rd5 {[%emt 0:00:06]} 29. Nd3 {[%emt 0:00:06] chessellis reconnected.} c5 {[%emt 0:00:27]} 30. Nf4 {[%emt 0:00:10]} Rd6 {[%emt 0:00:07]} 31. b3 {[%emt 0:00:09]} Ne5 {[%emt 0:00:10]} 32. a4 {[%emt 0:00:03]} d3 {[%emt 0:00:02]} 33. cxd3 {[%emt 0:00:02]} Nxd3 {[%emt 0:00:02]} 34. Nxd3 {[%emt 0:00:03]} Rxd3 {[%emt 0:00:00]} 35. Re8+ {[%emt 0:00:03]} Bf8 {[%emt 0:00:02]} 36. Rb8 {[%emt 0:00:04]} Kg7 {[%emt 0:00:04]} 37. Rc8 {[%emt 0:00:02]} Rxb3 {[%emt 0:00:03]} 38. Rxc5 {[%emt 0:00:01]} Bxc5 {[%emt 0:00:02]} 39. a5 {[%emt 0:00:01]} Ra3 {[%emt 0:00:03]} 40. a6 {[%emt 0:00:01]} Rxa6 {[%emt 0:00:02]} 41. g4 {[%emt 0:00:02]} Rb6 {[%emt 0:00:01]} 42. g5 {[%emt 0:00:01]} a5 {[%emt 0:00:01]} 43. f3 {[%emt 0:00:01]} a4 {[%emt 0:00:01]} 44. f4 {[%emt 0:00:01]} a3 {[%emt 0:00:01]} 45. f5 {[%emt 0:00:01]} gxf5 {[%emt 0:00:02]} 46. g6 {[%emt 0:00:02]} hxg6 {[%emt 0:00:02]} 47. Kh3 {[%emt 0:00:02]} Rb4 {[%emt 0:00:02]} 48. Kg3 {[%emt 0:00:02]} a2 {[%emt 0:00:01]} 49. Kf3 {[%emt 0:00:02]} a1=Q {[%emt 0:00:01]} 50. Kg3 {[%emt 0:00:02]} Qa3+ {[%emt 0:00:01]} 51. Kg2 {[%emt 0:00:02]} Rb2+ {[%emt 0:00:01]} 52. Kf1 {[%emt 0:00:01]} Qa1# {[%emt 0:00:01] Mate Mate} 0-1

[Event "oeism u12_Gilrs_Blitz"]
[Site "austriaU12girls"]
[Date "2020.12.11"]
[Round "3"]
[White "Jaguarjungle"]
[Black "LBchessqueen"]
[Result "0-1"]
[WhiteElo "1620"]
[BlackElo "1511"]
[Annotator "NA RC"]
[PlyCount "74"]
[EventDate "2020.12.11"]
[EventType "blitz"]

1. e4 {[%emt 0:01:44]} c5 {[%emt 0:00:04]} 2. Nf3 {[%emt 0:00:03]} d6 {[%emt 0:00:01]} 3. Nc3 {[%emt 0:00:02]} g6 {[%emt 0:00:01]} 4. Bc4 {[%emt 0:00:02]} Bg7 {[%emt 0:00:01]} 5. d3 {[%emt 0:00:01]} Nf6 {[%emt 0:00:01]} 6. Bg5 {[%emt 0:00:03]} O-O {[%emt 0:00:02]} 7. O-O {[%emt 0:00:01]} Nc6 {[%emt 0:00:02]} 8. Qe2 {[%emt 0:00:01]} Bg4 {[%emt 0:00:02]} 9. h3 {[%emt 0:00:02]} Be6 {[%emt 0:00:03]} 10. b3 {[%emt 0:00:03]} Bxc4 {[%emt 0:00:04]} 11. dxc4 {[%emt 0:00:04]} h6 {[%emt 0:00:09]} 12. Bh4 {[%emt 0:00:03]} Qd7 {[%emt 0:00:06]} 13. a4 {[%emt 0:00:05]} a6 {[%emt 0:00:04]} 14. Rad1 {[%emt 0:00:01]} e6 {[%emt 0:00:20]} 15. e5 {[%emt 0:00:02]} Ne8 {[%emt 0:00:19]} 16. exd6 {[%emt 0:00:03]} Nxd6 {[%emt 0:00:03]} 17. Bg3 {[%emt 0:00:05]} Nd4 {[%emt 0:00:39]} 18. Nxd4 {[%emt 0:00:03]} cxd4 {[%emt 0:00:01]} 19. Ne4 {[%emt 0:00:06]} Nxe4 {[%emt 0:00:06]} 20. Qxe4 {[%emt 0:00:05]} Rad8 {[%emt 0:00:15]} 21. Be5 {[%emt 0:00:01]} Bxe5 {[%emt 0:00:10]} 22. Qxe5 {[%emt 0:00:00]} Qd6 {[%emt 0:00:05]} 23. Qf6 {[%emt 0:00:06]} Rd7 {[%emt 0:00:04]} 24. Rd3 {[%emt 0:00:02]} Rfd8 {[%emt 0:00:01]} 25. Rfd1 {[%emt 0:00:02]} b6 {[%emt 0:00:01]} 26. c3 {[%emt 0:00:01]} e5 {[%emt 0:00:19]} 27. cxd4 {[%emt 0:00:20]} Qxf6 {[%emt 0:00:03]} 28. dxe5 {[%emt 0:00:03]} Rxd3 {[%emt 0:00:07]} 29. exf6 {[%emt 0:00:04]} Rxd1+ {[%emt 0:00:02]} 30. Kh2 {[%emt 0:00:06]} R8d6 {[%emt 0:00:00]} 31. g3 {[%emt 0:00:01]} Rxf6 {[%emt 0:00:01]} 32. Kg2 {[%emt 0:00:00]} Rd2 {[%emt 0:00:01]} 33. b4 {[%emt 0:00:01]} Rfxf2+ {[%emt 0:00:01]} 34. Kg1 {[%emt 0:00:04]} Rfe2 {[%emt 0:00:02]} 35. Kf1 {[%emt 0:00:02]} Ra2 {[%emt 0:00:01]} 36. b5 {[%emt 0:00:04]} Reb2 {[%emt 0:00:01]} 37. Ke1 {[%emt 0:00:03]} Rb1# {[%emt 0:00:00] Mate Mate} 0-1

[Event "oeism u12_Gilrs_Blitz"]
[Site "austriaU12girls"]
[Date "2020.12.11"]
[Round "3"]
[White "Ju_Fa29"]
[Black "Leefke Giselbrecht"]
[Result "0-1"]
[WhiteElo "1620"]
[BlackElo "1407"]
[Annotator "NA RC"]
[PlyCount "68"]
[EventDate "2020.12.11"]
[EventType "blitz"]

1. e4 {[%emt 0:00:03]} d5 {[%emt 0:00:02]} 2. exd5 {[%emt 0:00:04]} Qxd5 {[%emt 0:00:02]} 3. Nc3 {[%emt 0:00:01]} Qd8 {[%emt 0:00:03]} 4. d4 {[%emt 0:00:02]} Nf6 {[%emt 0:00:02]} 5. Nf3 {[%emt 0:00:03]} Bf5 {[%emt 0:00:02]} 6. Bf4 {[%emt 0:00:02]} e6 {[%emt 0:00:03]} 7. Bc4 {[%emt 0:00:03]} Nc6 {[%emt 0:00:02]} 8. O-O {[%emt 0:00:08]} Be7 {[%emt 0:00:04]} 9. Qd2 {[%emt 0:00:05]} O-O {[%emt 0:00:02]} 10. Rfe1 {[%emt 0:00:02]} Qd7 {[%emt 0:00:08]} 11. Ne5 {[%emt 0:00:09]} Nxe5 {[%emt 0:00:04]} 12. Bxe5 {[%emt 0:00:01]} Bd6 {[%emt 0:00:08]} 13. Bxf6 {[%emt 0:00:08]} gxf6 {[%emt 0:00:04]} 14. Re3 {[%emt 0:00:03]} Kh8 {[%emt 0:00:03]} 15. Rae1 {[%emt 0:00:03]} Bf4 {[%emt 0:00:03]} 16. Qe2 {[%emt 0:00:10]} Bxe3 {[%emt 0:00:02]} 17. fxe3 {[%emt 0:00:09]} Rg8 {[%emt 0:00:02]} 18. Rf1 {[%emt 0:00:04]} Rad8 {[%emt 0:00:25]} 19. Nd1 {[%emt 0:00:21]} Bg4 {[%emt 0:00:12]} 20. Qf2 {[%emt 0:00:08]} Bf5 {[%emt 0:00:08]} 21. c3 {[%emt 0:00:10]} Qc6 {[%emt 0:00:03]} 22. Bb3 {[%emt 0:00:14]} Rg6 {[%emt 0:00:05]} 23. Bc2 {[%emt 0:00:14]} Bxc2 {[%emt 0:00:10]} 24. Qxc2 {[%emt 0:00:02]} Rdg8 {[%emt 0:00:04]} 25. Rf2 {[%emt 0:00:09]} Qd5 {[%emt 0:00:17]} 26. c4 {[%emt 0:00:12]} Qh5 {[%emt 0:00:16]} 27. Nc3 {[%emt 0:00:12]} Qa5 {[%emt 0:00:32]} 28. b3 {[%emt 0:00:17]} Qb4 {[%emt 0:00:10]} 29. e4 {[%emt 0:00:29]} Qd6 {[%emt 0:00:13]} 30. e5 {[%emt 0:00:01]} Qxd4 {[%emt 0:00:10]} 31. exf6 {[%emt 0:00:04]} Qe5 {[%emt 0:00:11]} 32. Re2 {[%emt 0:00:05]} Qxf6 {[%emt 0:00:02]} 33. Ne4 {[%emt 0:00:01]} Qe5 {[%emt 0:00:03]} 34. Rf2 {[%emt 0:00:06]} Qd4 {[%emt 0:00:02] TimeW} 0-1

[Event "oeism u12_Gilrs_Blitz"]
[Site "austriaU12girls"]
[Date "2020.12.11"]
[Round "3"]
[White "chessellis"]
[Black "BiancaD"]
[Result "1-0"]
[WhiteElo "1588"]
[BlackElo "1700"]
[Annotator "NA RC"]
[PlyCount "59"]
[EventDate "2020.12.11"]
[EventType "blitz"]

1. e4 {[%emt 0:00:05]} e5 {[%emt 0:00:01]} 2. Nf3 {[%emt 0:00:01]} Nf6 {[%emt 0:00:01]} 3. Nxe5 {[%emt 0:00:02]} Nxe4 {[%emt 0:00:06]} 4. Qe2 {[%emt 0:00:02]} d5 {[%emt 0:00:15]} 5. Nf3 {[%emt 0:00:10]} Qe7 {[%emt 0:00:02] chessellis No Move} 6. d3 {[%emt 0:00:50]} Nf6 {[%emt 0:00:02] chessellis reconnected.} 7. Nc3 {[%emt 0:00:15]} Qxe2+ {[%emt 0:00:04]} 8. Bxe2 {[%emt 0:00:00]} Be7 {[%emt 0:00:02]} 9. O-O {[%emt 0:00:02]} O-O {[%emt 0:00:02]} 10. Re1 {[%emt 0:00:02]} Re8 {[%emt 0:00:02]} 11. Bg5 {[%emt 0:00:04]} h6 {[%emt 0:00:02]} 12. Bxf6 {[%emt 0:00:04]} Bxf6 {[%emt 0:00:05]} 13. Nxd5 {[%emt 0:00:02]} Bxb2 {[%emt 0:00:12] chessellis reconnected.} 14. Rab1 {[%emt 0:00:29]} Ba3 {[%emt 0:00:15]} 15. Nxc7 {[%emt 0:00:03]} Re7 {[%emt 0:00:10]} 16. Nxa8 {[%emt 0:00:03]} Be6 {[%emt 0:00:07]} 17. Nd4 {[%emt 0:00:14]} Bd5 {[%emt 0:00:17]} 18. Nb5 {[%emt 0:00:07]} Bc5 {[%emt 0:00:11]} 19. Nac7 {[%emt 0:00:05]} a6 {[%emt 0:00:05]} 20. Nxd5 {[%emt 0:00:03]} Rd7 {[%emt 0:00:04]} 21. Nbc3 {[%emt 0:00:14]} Bd4 {[%emt 0:00:07] chessellis reconnected.} 22. Bf3 {[%emt 0:00:43]} Bxc3 {[%emt 0:00:03]} 23. Nxc3 {[%emt 0:00:02]} Rc7 {[%emt 0:00:12]} 24. Re8+ {[%emt 0:00:01]} Kh7 {[%emt 0:00:06]} 25. Rxb8 {[%emt 0:00:00]} Rxc3 {[%emt 0:00:07]} 26. R8xb7 {[%emt 0:00:01]} Rxc2 {[%emt 0:00:02]} 27. Be4+ {[%emt 0:00:01]} g6 {[%emt 0:00:06]} 28. Rxf7+ {[%emt 0:00:02]} Kg8 {[%emt 0:00:02]} 29. Ra7 {[%emt 0:00:02]} Rxa2 {[%emt 0:00:03]} 30. Rb8# {[%emt 0:00:02] Mate Mate} 1-0

[Event "oeism u12_Gilrs_Blitz"]
[Site "austriaU12girls"]
[Date "2020.12.11"]
[Round "3"]
[White "Orchidee14"]
[Black "HarryPotter09"]
[Result "0-1"]
[WhiteElo "1424"]
[BlackElo "1522"]
[Annotator "NA RC"]
[PlyCount "48"]
[EventDate "2020.12.11"]
[EventType "blitz"]
[TimeControl "180+2"]

{[%evp 0,10,28,28,16,18,16,0,9,12,36,-9,-9]} 1. e4 {[%emt 0:00:05]} e5 {[%emt 0:00:01]} 2. Nf3 {[%emt 0:00:02]} Nc6 {[%emt 0:00:01]} 3. d4 {[%emt 0:00:05]} exd4 {[%emt 0:00:04]} 4. Nxd4 {[%emt 0:00:02]} Bc5 {[%emt 0:00:18]} 5. Nxc6 {[%emt 0:00:05]} bxc6 {[%emt 0:00:09] HarryPotter09 resigns Restarted B (13.16e) Restarted W (13.16e) OK OK} 6. Bd3 {[%emt 0:00:35]} d6 {[%emt 0:00:13]} 7. O-O {[%emt 0:00:03]} Nf6 {[%emt 0:00:09]} 8. Bc4 {[%emt 0:00:05]} O-O {[%emt 0:00:07]} 9. Bd3 {[%emt 0:00:04]} Re8 {[%emt 0:00:14]} 10. Re1 {[%emt 0:00:13]} d5 {[%emt 0:00:15]} 11. e5 {[%emt 0:00:15]} Ng4 {[%emt 0:00:12]} 12. Qf3 {[%emt 0:00:13]} Bxf2+ {[%emt 0:00:19]} 13. Kf1 {[%emt 0:00:18]} Nxh2+ {[%emt 0:00:10]} 14. Kxf2 {[%emt 0:00:08]} Nxf3 {[%emt 0:00:02]} 15. Kxf3 {[%emt 0:00:17]} f6 {[%emt 0:00:09]} 16. Be3 {[%emt 0:00:13]} Rxe5 {[%emt 0:00:11]} 17. Bf4 {[%emt 0:00:11]} Rxe1 {[%emt 0:00:04]} 18. Nd2 {[%emt 0:00:21]} Rxa1 {[%emt 0:00:03]} 19. Bxh7+ {[%emt 0:00:17]} Kxh7 {[%emt 0:00:02]} 20. Bxc7 {[%emt 0:00:01]} Qxc7 {[%emt 0:00:02]} 21. Ne4 {[%emt 0:00:02]} dxe4+ {[%emt 0:00:02]} 22. Kf2 {[%emt 0:00:05]} Qf4+ {[%emt 0:00:03]} 23. Ke2 {[%emt 0:00:00]} Ba6+ {[%emt 0:00:05]} 24. c4 {[%emt 0:00:08]} Bxc4# {[%emt 0:00:02] Mate Mate} 0-1

[Event "oeism u12_Gilrs_Blitz"]
[Site "austriaU12girls"]
[Date "2020.12.11"]
[Round "3"]
[White "efiona2008"]
[Black "Athene"]
[Result "1-0"]
[WhiteElo "1407"]
[BlackElo "1620"]
[Annotator "NA RC"]
[PlyCount "71"]
[EventDate "2020.12.11"]
[EventType "blitz"]

1. e4 {[%emt 0:00:05]} e5 {[%emt 0:00:02]} 2. Nf3 {[%emt 0:00:02]} Nc6 {[%emt 0:00:02]} 3. Bc4 {[%emt 0:00:02]} Bc5 {[%emt 0:00:02]} 4. Nc3 {[%emt 0:00:03]} Nf6 {[%emt 0:00:04]} 5. d3 {[%emt 0:00:03]} d6 {[%emt 0:00:01]} 6. Bg5 {[%emt 0:00:04]} h6 {[%emt 0:00:02]} 7. Bh4 {[%emt 0:00:02]} Bg4 {[%emt 0:00:05]} 8. h3 {[%emt 0:00:05]} Bh5 {[%emt 0:00:02]} 9. Qd2 {[%emt 0:00:16]} Nd4 {[%emt 0:00:09]} 10. Nxd4 {[%emt 0:00:08]} Bxd4 {[%emt 0:00:00]} 11. Nd5 {[%emt 0:00:04]} g5 {[%emt 0:00:05]} 12. Nxf6+ {[%emt 0:00:09]} Qxf6 {[%emt 0:00:05]} 13. Bg3 {[%emt 0:00:01]} O-O-O {[%emt 0:00:04]} 14. f3 {[%emt 0:00:11]} Bxb2 {[%emt 0:00:03]} 15. Rb1 {[%emt 0:00:07]} Bd4 {[%emt 0:00:05]} 16. Qb4 {[%emt 0:00:08]} Bb6 {[%emt 0:00:04]} 17. Bf2 {[%emt 0:00:09]} Qe7 {[%emt 0:00:02]} 18. Bxb6 {[%emt 0:00:07]} cxb6 {[%emt 0:00:13]} 19. Qc3 {[%emt 0:00:05]} Kb8 {[%emt 0:00:04]} 20. Bd5 {[%emt 0:00:05]} f6 {[%emt 0:00:05]} 21. Rb3 {[%emt 0:00:06]} Bf7 {[%emt 0:00:02]} 22. Bxf7 {[%emt 0:00:07]} Qxf7 {[%emt 0:00:00]} 23. Qb4 {[%emt 0:00:04]} Rd7 {[%emt 0:00:05]} 24. Rb2 {[%emt 0:00:12]} Rc8 {[%emt 0:00:03]} 25. Qb3 {[%emt 0:00:09]} Qxb3 {[%emt 0:00:06]} 26. cxb3 {[%emt 0:00:05]} Rdc7 {[%emt 0:00:03]} 27. Kd2 {[%emt 0:00:08]} Rc3 {[%emt 0:00:06]} 28. g3 {[%emt 0:00:16]} R8c6 {[%emt 0:00:06]} 29. h4 {[%emt 0:00:02]} Kc7 {[%emt 0:00:07]} 30. hxg5 {[%emt 0:00:05]} fxg5 {[%emt 0:00:04]} 31. Rxh6 {[%emt 0:00:03]} R3c5 {[%emt 0:00:04]} 32. Rh7+ {[%emt 0:00:03]} Kb8 {[%emt 0:00:03]} 33. b4 {[%emt 0:00:05]} Rb5 {[%emt 0:00:06]} 34. a4 {[%emt 0:00:04]} Rc2+ {[%emt 0:00:08]} 35. Rxc2 {[%emt 0:00:03]} Rxb4 {[%emt 0:00:01]} 36. Rh8# {[%emt 0:00:04] Mate Mate} 1-0

[Event "oeism u12_Gilrs_Blitz"]
[Site "austriaU12girls"]
[Date "2020.12.11"]
[Round "4"]
[White "BiancaD"]
[Black "Ju_Fa29"]
[Result "1-0"]
[WhiteElo "1616"]
[BlackElo "1603"]
[Annotator "NA RC"]
[PlyCount "77"]
[EventDate "2020.12.11"]
[EventType "blitz"]

1. e4 {[%emt 0:00:02]} e5 {[%emt 0:00:02]} 2. Nf3 {[%emt 0:00:01]} Nc6 {[%emt 0:00:01]} 3. Bc4 {[%emt 0:00:01]} Bc5 {[%emt 0:00:02]} 4. O-O {[%emt 0:00:01]} Nf6 {[%emt 0:00:06]} 5. d3 {[%emt 0:00:02]} d6 {[%emt 0:00:01]} 6. h3 {[%emt 0:00:02]} O-O {[%emt 0:00:04]} 7. Bg5 {[%emt 0:00:01]} h6 {[%emt 0:00:01]} 8. Bh4 {[%emt 0:00:02]} Be6 {[%emt 0:00:06]} 9. Bxe6 {[%emt 0:00:02]} fxe6 {[%emt 0:00:02]} 10. Nc3 {[%emt 0:00:02]} Qd7 {[%emt 0:00:03]} 11. a3 {[%emt 0:00:05]} Rf7 {[%emt 0:00:16]} 12. b4 {[%emt 0:00:02]} Bb6 {[%emt 0:00:02]} 13. Na4 {[%emt 0:00:05]} Raf8 {[%emt 0:00:08]} 14. Nxb6 {[%emt 0:00:02]} axb6 {[%emt 0:00:02]} 15. d4 {[%emt 0:00:03]} exd4 {[%emt 0:00:06]} 16. Nxd4 {[%emt 0:00:02]} e5 {[%emt 0:00:05]} 17. Nxc6 {[%emt 0:00:03]} Qxc6 {[%emt 0:00:01]} 18. Qe2 {[%emt 0:00:03]} Nxe4 {[%emt 0:00:10]} 19. f3 {[%emt 0:00:16]} Nc3 {[%emt 0:00:16]} 20. Qd2 {[%emt 0:00:17]} Nd5 {[%emt 0:00:09]} 21. Rac1 {[%emt 0:00:08]} Nf4 {[%emt 0:00:07]} 22. c4 {[%emt 0:00:17]} Qe8 {[%emt 0:00:20]} 23. Bg3 {[%emt 0:00:09]} Nh5 {[%emt 0:00:08]} 24. Bh2 {[%emt 0:00:22]} Rf6 {[%emt 0:00:06]} 25. Rce1 {[%emt 0:00:05]} Nf4 {[%emt 0:00:05]} 26. Bxf4 {[%emt 0:00:06]} Rxf4 {[%emt 0:00:02]} 27. Qd5+ {[%emt 0:00:18]} Kh8 {[%emt 0:00:06]} 28. Re4 {[%emt 0:00:01]} Rxe4 {[%emt 0:00:08]} 29. Qxe4 {[%emt 0:00:02]} c6 {[%emt 0:00:05]} 30. a4 {[%emt 0:00:03]} Qa8 {[%emt 0:00:17]} 31. Ra1 {[%emt 0:00:05]} Rf4 {[%emt 0:00:07]} 32. Qd3 {[%emt 0:00:05]} b5 {[%emt 0:00:04]} 33. Qxd6 {[%emt 0:00:07]} Rxc4 {[%emt 0:00:05]} 34. Rd1 {[%emt 0:00:09]} Qa7+ {[%emt 0:00:12]} 35. Kh2 {[%emt 0:00:08]} bxa4 {[%emt 0:00:05]} 36. Qxe5 {[%emt 0:00:05]} Rxb4 {[%emt 0:00:04]} 37. Rd8+ {[%emt 0:00:02]} Kh7 {[%emt 0:00:05]} 38. Qf5+ {[%emt 0:00:01]} g6 {[%emt 0:00:04]} 39. Qf7# {[%emt 0:00:01] Mate Mate} 1-0

[Event "oeism u12_Gilrs_Blitz"]
[Site "austriaU12girls"]
[Date "2020.12.11"]
[Round "4"]
[White "LBchessqueen"]
[Black "efiona2008"]
[Result "1-0"]
[WhiteElo "1533"]
[BlackElo "1460"]
[Annotator "NA RC"]
[PlyCount "119"]
[EventDate "2020.12.11"]
[EventType "blitz"]

1. c4 {[%emt 0:00:05]} e5 {[%emt 0:00:03]} 2. d3 {[%emt 0:00:02]} Nc6 {[%emt 0:00:03]} 3. g3 {[%emt 0:00:02]} Nf6 {[%emt 0:00:03]} 4. Bg2 {[%emt 0:00:02]} Bc5 {[%emt 0:00:11]} 5. Nc3 {[%emt 0:00:04]} d6 {[%emt 0:00:04]} 6. Nf3 {[%emt 0:00:03]} Bf5 {[%emt 0:00:11]} 7. O-O {[%emt 0:00:02]} O-O {[%emt 0:00:06]} 8. Bg5 {[%emt 0:00:04]} h6 {[%emt 0:00:05]} 9. Bxf6 {[%emt 0:00:05]} Qxf6 {[%emt 0:00:05]} 10. Nd5 {[%emt 0:00:02]} Qd8 {[%emt 0:00:09]} 11. a3 {[%emt 0:00:05]} Be6 {[%emt 0:00:07]} 12. Rb1 {[%emt 0:00:14]} a6 {[%emt 0:00:08]} 13. Nc3 {[%emt 0:00:04]} Qf6 {[%emt 0:00:14]} 14. Nd5 {[%emt 0:00:05]} Bxd5 {[%emt 0:00:04]} 15. cxd5 {[%emt 0:00:01]} Nd4 {[%emt 0:00:15]} 16. Nxd4 {[%emt 0:00:07]} Bxd4 {[%emt 0:00:03]} 17. e3 {[%emt 0:00:03]} Bb6 {[%emt 0:00:06]} 18. b4 {[%emt 0:00:14]} Rfe8 {[%emt 0:00:11]} 19. a4 {[%emt 0:00:14]} a5 {[%emt 0:00:08]} 20. bxa5 {[%emt 0:00:13]} Rxa5 {[%emt 0:00:06]} 21. Rb5 {[%emt 0:00:09]} Rxb5 {[%emt 0:00:17]} 22. axb5 {[%emt 0:00:00]} c5 {[%emt 0:00:07]} 23. bxc6 {[%emt 0:00:03]} bxc6 {[%emt 0:00:03]} 24. dxc6 {[%emt 0:00:01]} Rc8 {[%emt 0:00:03]} 25. Qb3 {[%emt 0:00:04]} Bc5 {[%emt 0:00:13]} 26. Qb7 {[%emt 0:00:10]} Qd8 {[%emt 0:00:09]} 27. Qd7 {[%emt 0:00:04]} Qxd7 {[%emt 0:00:07]} 28. cxd7 {[%emt 0:00:00]} Rd8 {[%emt 0:00:03]} 29. Bc6 {[%emt 0:00:02]} Kh7 {[%emt 0:00:12]} 30. Ra1 {[%emt 0:00:10]} Bb6 {[%emt 0:00:15]} 31. Ra8 {[%emt 0:00:03]} Rxa8 {[%emt 0:00:04]} 32. Bxa8 {[%emt 0:00:03]} Kg6 {[%emt 0:00:01]} 33. Kg2 {[%emt 0:00:10]} Kf5 {[%emt 0:00:02]} 34. Kf3 {[%emt 0:00:03]} Bd8 {[%emt 0:00:02]} 35. e4+ {[%emt 0:00:05]} Ke6 {[%emt 0:00:03]} 36. Bc6 {[%emt 0:00:04]} Ke7 {[%emt 0:00:02]} 37. Kg4 {[%emt 0:00:02]} f6 {[%emt 0:00:02]} 38. f4 {[%emt 0:00:02]} g5 {[%emt 0:00:02]} 39. fxg5 {[%emt 0:00:06]} hxg5 {[%emt 0:00:02]} 40. h4 {[%emt 0:00:01]} gxh4 {[%emt 0:00:02]} 41. Kxh4 {[%emt 0:00:00]} Ke6 {[%emt 0:00:02]} 42. Kg4 {[%emt 0:00:02]} f5+ {[%emt 0:00:02]} 43. exf5+ {[%emt 0:00:03]} Ke7 {[%emt 0:00:03]} 44. Kg5 {[%emt 0:00:05]} Kf7+ {[%emt 0:00:02]} 45. Kh6 {[%emt 0:00:07]} Kf6 {[%emt 0:00:02]} 46. g4 {[%emt 0:00:02]} d5 {[%emt 0:00:03]} 47. Bxd5 {[%emt 0:00:05]} Ke7 {[%emt 0:00:01]} 48. Be6 {[%emt 0:00:03]} Kd6 {[%emt 0:00:02]} 49. g5 {[%emt 0:00:04]} Kc5 {[%emt 0:00:01]} 50. g6 {[%emt 0:00:01]} Kd4 {[%emt 0:00:03]} 51. g7 {[%emt 0:00:02]} Kxd3 {[%emt 0:00:04]} 52. g8=Q {[%emt 0:00:02]} Be7 {[%emt 0:00:04]} 53. d8=Q+ {[%emt 0:00:03]} Bxd8 {[%emt 0:00:03]} 54. Qxd8+ {[%emt 0:00:02]} Ke3 {[%emt 0:00:03]} 55. Qd5 {[%emt 0:00:03]} Kf4 {[%emt 0:00:02]} 56. f6 {[%emt 0:00:03]} e4 {[%emt 0:00:02]} 57. f7 {[%emt 0:00:01]} e3 {[%emt 0:00:02]} 58. f8=Q+ {[%emt 0:00:02]} Kg3 {[%emt 0:00:02]} 59. Qff3+ {[%emt 0:00:04]} Kh2 {[%emt 0:00:03]} 60. Qg5 {[%emt 0:00:02] TimeB} 1-0